Temas mineros y petroleros 2005 (Registro nro. 12408)

Detalles MARC
000 -LEADER
fixed length control field 01710nam a2200337Ia 4500
003 - CONTROL NUMBER IDENTIFIER
control field OSt
005 - DATE AND TIME OF LATEST TRANSACTION
control field 20210909160525.0
008 - FIXED-LENGTH DATA ELEMENTS--GENERAL INFORMATION
fixed length control field 130821s2005 xx gr spa
020 ## - INTERNATIONAL STANDARD BOOK NUMBER
International Standard Book Number 9583385999
040 ## - CATALOGING SOURCE
Original cataloging agency Co-BoUCM
Language of cataloging spa
Transcribing agency CO-JMCR
041 00 - LANGUAGE CODE
Language code of text/sound track or separate title spa
082 14 - DEWEY DECIMAL CLASSIFICATION NUMBER
Classification number 346.0468 /
Item number C691t
Edition number 23
110 2# - MAIN ENTRY--CORPORATE NAME
Corporate name or jurisdiction name as entry element Colegio de Abogados de Minas Y Petróleo
9 (RLIN) 40210
245 10 - TITLE STATEMENT
Title Temas mineros y petroleros 2005
Statement of responsibility, etc. Colegio de Abogados de Minas y Petróleo ; Coordinadora Marlene Durán Camacho
250 ## - EDITION STATEMENT
Edition statement Segunda edición
260 ## - PUBLICATION, DISTRIBUTION, ETC.
Place of publication, distribution, etc. Colombia :
Name of publisher, distributor, etc. Colegio de Abogados de Minas y Petróleos,
Date of publication, distribution, etc. 2005.
300 ## - PHYSICAL DESCRIPTION
Extent 719 páginas :
Dimensions 24 cm.
501 ## - WITH NOTE
With note Con: notas a pie de página.
505 0# - FORMATTED CONTENTS NOTE
Formatted contents note Historia de la legislación. -- Estructura administrativa. -- Regimen contractual. -- Comercialización. -- Regalías. -- Aspectos tributarios. -- Aspectos cambiarios. -- Soluciones de controversias. -- Aspectos penales.
650 14 - SUBJECT ADDED ENTRY--TOPICAL TERM
Topical term or geographic name entry element Arbitramento internacional
Form subdivision Ensayos, conferencias, etc.
9 (RLIN) 9307
650 24 - SUBJECT ADDED ENTRY--TOPICAL TERM
Topical term or geographic name entry element Cambio exterior
General subdivision Legislación
Geographic subdivision Colombia
Form subdivision Ensayos, conferencias, etc.
9 (RLIN) 10354
650 24 - SUBJECT ADDED ENTRY--TOPICAL TERM
Topical term or geographic name entry element Derecho minero
9 (RLIN) 12796
650 24 - SUBJECT ADDED ENTRY--TOPICAL TERM
Topical term or geographic name entry element Derecho minero
General subdivision Legislación
Geographic subdivision Colombia
Form subdivision Ensayos, conferencias, etc.
9 (RLIN) 12796
650 24 - SUBJECT ADDED ENTRY--TOPICAL TERM
Topical term or geographic name entry element Desarrollo sostenible
Geographic subdivision Colombia
Form subdivision Ensayos, conferencias, etc.
9 (RLIN) 12992
650 24 - SUBJECT ADDED ENTRY--TOPICAL TERM
Topical term or geographic name entry element Minas
General subdivision Aspectos ambientales
Geographic subdivision Colombia
Form subdivision Ensayos, conferencias, etc.
9 (RLIN) 19560
650 24 - SUBJECT ADDED ENTRY--TOPICAL TERM
Topical term or geographic name entry element Minas
General subdivision Política gubernamental
Geographic subdivision Colombia
Form subdivision Ensayos, conferencias, etc.
9 (RLIN) 19560
650 24 - SUBJECT ADDED ENTRY--TOPICAL TERM
Topical term or geographic name entry element Minas
General subdivision Tributación
Geographic subdivision Colombia
Form subdivision Ensayos, conferencias, etc.
9 (RLIN) 19560
700 1# - ADDED ENTRY--PERSONAL NAME
Personal name Durán Camacho, Marlene,
Relator term Coordinador
9 (RLIN) 40211
710 1# - ADDED ENTRY--CORPORATE NAME
Corporate name or jurisdiction name as entry element Colegio de Abogados de Minas y Petróleos
Relator term autor
9 (RLIN) 40212
942 ## - ADDED ENTRY ELEMENTS (KOHA)
Koha item type Books
Source of classification or shelving scheme Dewey Decimal Classification
Existencias
Withdrawn status Lost status Source of classification or shelving scheme Damaged status Not for loan Home library Current library Shelving location Date acquired Source of acquisition Full call number Barcode Date last seen Copy number Price effective from Koha item type
    Dewey Decimal Classification     Biblioteca Pública José María del Castillo y Rada Biblioteca Pública José María del Castillo y Rada General Stacks 04/15/2018 $0. 346.0468 / C691t 430005222 05/16/2024 Ej.1 03/10/2021 Books